Statistics for Avrupa Haritası Testi

Click here to take the quiz!

General Stats

  • This quiz has been taken 1 605 times
  • The average score is 26 of 45

Answers on the Map

Answers color-coded by a green-red scale on the quiz's map according to % correct below.
 

Answer Stats

Answer% Correct
İspanya
83%
İtalya
82%
Almanya
81%
Birleşik Krallık
80%
Rusya
80%
Yunanistan
80%
Fransa
80%
Portekiz
79%
İrlanda
73%
İzlanda
72%
Belçika
71%
Finlandiya
71%
Norveç
71%
İsveç
67%
Danimarka
66%
Bulgaristan
66%
Ukrayna
66%
Lüksemburg
63%
Polonya
62%
Hollanda
60%
İsviçre
60%
Romanya
56%
Belarus
55%
Estonya
54%
Avusturya
53%
Çek Cumhuriyeti
52%
Moldova
48%
Arnavutluk
47%
Hırvatistan
47%
Letonya
47%
Vatikan
44%
Malta
43%
Bosna-Hersek
42%
Kosova
42%
Kuzey
Makedonya
42%
Sırbistan
42%
Karadağ
41%
Litvanya
41%
Monako
41%
Andorra
39%
Lihtenştayn
39%
Macaristan
39%
Slovakya
38%
San Marino
37%
Slovenya
33%

Score Distribution

Percentile by Number Answered

Percent of People with Each Score

Your Score History

You have not taken this quiz